| 000 | 00585nam a2200229 a 4500 | ||
|---|---|---|---|
| 001 | nice12345678 | ||
| 003 | IN_TiNIC | ||
| 005 | 20260116011940.0 | ||
| 008 | 050524s0000 mana grp 000 0 eng | ||
| 020 |
_a _c100 |
||
| 082 | 0 | 0 |
_a268.6 _bINT |
| 245 | _aDivisions in Christianity in Easy English | ||
| 260 |
_aManchester _bLight Trust _c0000 |
||
| 300 | _a24p | ||
| 500 | _aincludes index and biblioraphy | ||
| 505 | 2 | _aIndex | |
| 650 | _aChristian-Education | ||
| 710 | 2 | _aInternational Religious Investigation Society | |
| 902 | _bSRS | ||
| 942 | _cBK | ||
| 999 |
_c5020 _d5020 |
||